| 000 | 01898nam a22002177a 4500 | ||
|---|---|---|---|
| 999 |
_c59374 _d59374 |
||
| 003 | Ge_BSU | ||
| 005 | 20230201111053.0 | ||
| 008 | 230201s2004 ge ||||| |||| 00| 0 geo d | ||
| 020 | _a 9992808519 | ||
| 041 | _ageo | ||
| 080 | _a342.4(100) ს-17 | ||
| 245 |
_aსაზღვარგარეთის ქვეყნების კონსტიტუციები. ნაწ. 1 : _b [ამერიკის შეერთებული შტატები. არგენტინა. დანია. იაპონია. კუბის რესპუბლიკა. ლატვიის რესპუბლიკა. მაროკო. რუსეთის ფედერაცია, სომხეთის რესპუბლიკა. ქუვეითი. შვეიცარიის კონფედერაცია. ჩეხეთის რესპუბლიკა] / _c [შემდგ.: ვასილ გონაშვილი და სხვ. ; სარედ. კოლ.: ლ. ბეჟაშვილი და სხვ.] ; კავშირი "იურისტები სამართლ. სახელმწიფოსთვის". |
||
| 264 |
_aთბილისი : _bქრონოგრაფი, _c 2004. |
||
| 300 |
_a536 გვ.; _b25 სმ. |
||
| 653 | _aსაზღვარგარეთის ქვეყნების კონსტიტუციები | ||
| 653 | _aსამართალი | ||
| 700 |
_aგონაშვილი, ვასილ _eშემდგენელი, რედაქტორი. _95321 |
||
| 700 |
_aბეჟაშვილი, ლ., _eრედაქტორი. _916831 |
||
| 710 |
_aკავშირი "იურისტები სამართლებრივი სახელმწიფოსთვის". _916832 |
||
| 942 |
_2udc _cBK |
||